000 00358nam a2200157 i 4500
001 bg
100 1 _aSZYPOWSKA, Maria
245 0 _aJęzyk francuski dla początkujących /
_cM. Szypowska.
250 _aWyd.7.
260 _aWarszawa,
_c1992.
040 _cBPK
041 _apol
080 _a8
942 _cKS
008 s pl f |000 0 pol
999 _c5419
_d5419
856 _uhttp://koha.tu.koszalin.pl/cgi-bin/koha/opac-detail.pl?biblionumber=5419
_yKatalog online BPK